|
|
|
|
| LEADER |
00779nam a22002172a 4500 |
| 001 |
000197943 |
| 003 |
CZ BrMZK |
| 005 |
20031027120734.0 |
| 007 |
ta |
| 008 |
010907s1895 xr f cze d |
| 015 |
|
|
|a cnb001519747
|
| 035 |
|
|
|a (OCoLC)85597400
|
| 040 |
|
|
|a BOA001
|b cze
|c BOA001
|
| 100 |
1 |
|
|a Schrutz, Ondřej,
|d 1865-1932
|7 jk01111121
|4 aut
|
| 245 |
1 |
0 |
|a Hippokratovské názory o původu, skladbě a výkonech těla lidského /
|c jako příspěvek k dějinám lékařství napsal Ondřej Schrutz
|
| 260 |
|
|
|a Praha :
|b Bursík & Kohout,
|c 1895
|
| 300 |
|
|
|a 10, 253 s.
|
| 856 |
4 |
1 |
|u http://www.digitalniknihovna.cz/mzk/uuid/uuid:7f849220-0ecc-11e5-b269-5ef3fc9bb22f
|y Digitalizovaný dokument
|x NDK
|
| 910 |
|
|
|a BOA001
|b 3-0055.661
|
| 964 |
|
|
|a Bohemika - stol. 19.
|
| 990 |
|
|
|a BK
|